| 000 | 00486nam a2200169 a 4500 | ||
|---|---|---|---|
| 005 | 20140310183140.0 | ||
| 008 | 020822s19uu xx 00 eng d | ||
| 020 | _a8187495170 | ||
| 050 |
_aHD 30.28 _b.St898 1999 |
||
| 245 |
_aStrategic management / _cAll India management asso. |
||
| 260 |
_aNew Delhi : _bAll India Management Association, _c1999. |
||
| 300 |
_a82 p. : _bill. ; _c22 cm. |
||
| 521 | _aBSBA | ||
| 650 | _aStrategic planning | ||
| 942 |
_cBK _2lcc _kFOR |
||
| 999 |
_c19389 _d19389 |
||